Widok standardowy
Widok MARC
Pozycja Personal Name
Liczba rekordów, w których użyto hasła: 1
001 - Numer kontrolny
- control field: 40164
003 - Identyfikator numeru kontrolnego
- control field: NUKAT
005 - Data i czas ostatniej modyfikacji
- control field: 20260416125017.0
008 - Dane kontrolne kodowane (40 znaków)
- fixed length control field: 191008n||a|znnaabn |a aaa |c
010 ## - Numer kontrolny Biblioteki Kongresu
- numer kontrolny LC: n 2019014117
024 7# - OTHER STANDARD IDENTIFIER
- Standard number or code: 52145910135027022052
- Source of number or code: viaf
040 ## - Instytucja sporządzająca rekord
- inst. przygot. dane do rek. khw: WA U/EBA
- język haseł przedmiotowych/tezaurus: kaba
- inst. wprow. rek. khw: WA U/EBA
100 1# - Hasło - nazwa osobowa
- nazwa osobowa w formie ujednoliconej: Bielak, Małgorzata.
670 ## - Źródło informacji
- źródło informacji: Zbiór fotografii Głównej Komisji Badania Zbrodni przeciwko Narodowi Polskiemu - Instytutu Pamięci Narodowej : indeksy / indeks nazwisk i pseudonimów Małgorzata Bielak, Łukasz Rybak. - Warszawa, 2019.
670 ## - Źródło informacji
- źródło informacji: BNPol online